Light Cuisers of US Navy - Statistics

General Stats
  • This quiz has been taken 10 times
  • The average score is 11 of 23
Answer Stats
Clue Answer % Correct
CL-4 Omaha
78%
CL-21 Cleveland
67%
CL-8 Detroit
67%
CL-11 Trenton
67%
CL-2 Birmingham
56%
CL-1 Chester
56%
CL-13 Memphis
56%
CL-22 New Orleans
56%
CL-7 Raleigh
56%
CL-9 Richmond
56%
CL-23 Albany
44%
CL-6 Cincinnati
44%
CL-10 Concord
44%
CL-16 Denver
44%
CL-12 Marblehead
44%
CL-5 Milwaukee
44%
CL-15 Olympia
44%
CL-3 Salem
44%
CL-14 Chicago
33%
CL-17 Des Moines
33%
CL-19 Galveston
33%
CL-18 Chattanooga
22%
CL-20 Tacoma
22%
No matching quizzes found
Score Distribution
Percent of People with Each Score
Percentile by Number Answered
Your Score History
You have not taken this quiz